| 000 | 00745nam a2200229 a 4500 | ||
|---|---|---|---|
| 001 | BRCA_5955 | ||
| 005 | 20190320205257.0 | ||
| 008 | 240311s1897----u--a######---#000-0#eng-# | ||
| 041 | _aeng | ||
| 044 | _au | ||
| 050 | 4 |
_aN8080 _b.W43 1897 |
|
| 100 | 1 |
_aWhayman, Horace W. _915039 |
|
| 245 | 1 | 0 |
_aA manual of emblems of the saints, by which they are distinguished in works of art, and represented in the decoration of churches _cHorace W. Whayman. |
| 260 |
_aColumbus, Ohio _bH. W. Whayman _c1897 |
||
| 300 |
_a52 p. _bil., 9 láminas _c23 cm. |
||
| 500 | _aEstado físico: Encuadernación deteriorada | ||
| 500 | _aG80 | ||
| 650 | 1 | 4 |
_aSantos _xArte _915040 |
| 650 | 1 | 4 |
_aArte y simbolismo cristianos _94853 |
| 902 | _aGFM | ||
| 942 |
_2lcc _cB |
||
| 999 |
_c5644 _d5644 |
||